• 首页
  • 本馆介绍
  • 公告通知
  • 最新文献
  • 馆藏检索
  • 电子资源
  • 读者导购
  • 参考咨询
  • 我的图书馆
  • 登录
  • 详细信息显示
  • 放入我的书架
  • 预约/预借图书
  • 作者相关作品
  • 分类相关作品
  • 丛书相关作品
  • 出版社相关作品

书目信息

  • 表格格式
  • 工作单格式
  • 卡片格式
题名:
药用辅料速查手册
    
 
作者: 刘红霞 主编
分册:  
出版信息: 北京   化学工业出版社  2007
页数: 412页
开本: 21cm
丛书名:
单 册:
中图分类: TQ460.4-62
科图分类:
主题词: 制剂辅料(医药)--手册 , 制剂辅料(医药)
电子资源:
ISBN: 978-7-122-00178-8
000 01005nam0 2200265 450
001 003550661
005 20080303094544.95
010    @a978-7-122-00178-8@dCNY45.00
035    @a003550661
100    @a20070327d2007 em y0chiy0110 ea
101 0  @achi
102    @aCN@b110000
105    @ay z 001yy
106    @ar
200 1  @a药用辅料速查手册@Ayao yong fu liao su cha shou ce@dConcise handbook of pharmaceutical excipients@f刘红霞主编@zeng
210    @a北京@c化学工业出版社@d2007
215    @a412页@d21cm
330    @a本书收录了当前制剂生产过程中常用的280余种药物辅料,提供包括中英文名称、别名、分子式相对分子质量、结构式、理化性质、质量标准、作用与用途、应用实例、使用注意事项、供应厂家等最常用的信息,各品种按笔画顺序排列。
510 1  @aConcise handbook of pharmaceutical excipients@zeng
606 0  @a制剂辅料(医药)@j手册
606 0  @a制剂辅料(医药)
690    @aTQ460.4-62@v4
701  0 @a刘红霞@Aliu hong xia@c(制药)@4主编
801  0 @aCN@bNLC@c20080303
905    @dTQ460.4-62@e34@f4
    
    药用辅料速查手册=Concise handbook of pharmaceutical excipients/刘红霞主编.-北京:化学工业出版社,2007
    412页;21cm
    
    
    ISBN 978-7-122-00178-8:CNY45.00
    本书收录了当前制剂生产过程中常用的280余种药物辅料,提供包括中英文名称、别名、分子式相对分子质量、结构式、理化性质、质量标准、作用与用途、应用实例、使用注意事项、供应厂家等最常用的信息,各品种按笔画顺序排列。
●
相关链接 在E读中查询图书 在五车中查询图书 在当当中查询图书 在豆瓣中查询图书


正题名:药用辅料速查手册     索取号:TQ460.4-62/34         预约/预借

序号 登录号 条形码 馆藏地/架位号 状态 备注
1 0614886   206148863   第二样本阅览室/ [索取号:TQ460.4-62/34] 在馆    
2 0614887   206148872   第三借阅区/ [索取号:TQ460.4-62/34] 在馆    
3 0614888   206148881   第三借阅区/ [索取号:TQ460.4-62/34] 在馆    
4 0614889   206148890   第三借阅区/ [索取号:TQ460.4-62/34] 在馆    
唐山师范学院图书馆 欢迎您!
大连网信软件有限公司© 版权所有